Zmluva o združení a návrh novely Občianskeho zákonníka

Formulácia viacerých výhrad a pripomienok k právnej úprave navrhnutej v § 1470 a 1482 novely Občianskeho zákonníka "zmluvy o združení" s cieľom upriamiť pozornosť na daný právny inštitút. Riešenia zvolené v niektorých zahraničných právnych úpravách. Argumenty v prospech nahradenia názvu na "spoločen...

Descrizione completa

Salvato in:
Dettagli Bibliografici
Autore principale: Jakubáč, Róbert
Natura: Capitolo di libro
Lingua:slovacco
Soggetti:
Tags: Aggiungi Tag
Nessun Tag, puoi essere il primo ad aggiungerne!!

MARC

LEADER 00000naa a2200000 4500
001 0258553
005 20190927140506.3
041 0 |a slo 
044 |a SK 
245 1 0 |a Zmluva o združení a návrh novely Občianskeho zákonníka  |c Róbert Jakubáč 
520 |a Formulácia viacerých výhrad a pripomienok k právnej úprave navrhnutej v § 1470 a 1482 novely Občianskeho zákonníka "zmluvy o združení" s cieľom upriamiť pozornosť na daný právny inštitút. Riešenia zvolené v niektorých zahraničných právnych úpravách. Argumenty v prospech nahradenia názvu na "spoločenskú zmluvu". 
610 2 0 |a legislatíva 
610 2 0 |a novelizácia 
610 2 0 |a zákonník občiansky 
610 2 0 |a združenia 
610 2 0 |a zmluvy 
100 1 |a Jakubáč, Róbert